Statistics for Chelsea FC Highest Transfer Fees

Click here to take the quiz!

General Stats

  • This quiz has been taken 1,626 times
  • The average score is 6 of 10

Answer Stats

Hint Answer % Correct
£50mFernando Torres
95%
£32mEden Hazard
84%
£24mDidier Drogba
77%
£21.3mDavid Luiz
64%
£23.5mJuan Mata
59%
£25mOscar
58%
£30.8mAndriy Shevchenko
52%
£24.4mMichael Essien
46%
£19.85mRicardo Carvalho
26%
£21mShaun Wright-Phillips
16%

Score Distribution

Percentile by Number Answered

Percent of People with Each Score

Your Score History

You have not taken this quiz